000 00553nam a22001937i 4500
003 OSt
005 20220117100147.0
008 180829b xxu||||| |||| 00| 0 eng d
050 _aRA393
_b.N714 1997
040 _erda
_c0
_beng
245 _a1997 guide to good health /
264 _aPennsylvania :
_bIndependence Blue Cross,
_cc1997.
300 _a320 pages :
_bcolour sustrations ;
_c21 cm.
336 _atext
_btxt
_2rdacontent
337 _aunmediated
_bn
_2rdamedia
338 _avolume
_bnc
_2rdacarrier
650 _aMedical care.
942 _2lcc
_cFR
999 _c10965
_d10965